Tribhuvan University Central Library

Learning motivation in ELT classroom (Record no. 84265)

MARC details
000 -LEADER
fixed length control field 00407nam a22001457a 4500
008 - FIXED-LENGTH DATA ELEMENTS--GENERAL INFORMATION
fixed length control field 190220b xxu||||| |||| 00| 0 eng d
082 ## - DEWEY DECIMAL CLASSIFICATION NUMBER
Classification number CD14466
100 ## - MAIN ENTRY--PERSONAL NAME
Personal name Ghimire, Hari Prasad
245 ## - TITLE STATEMENT
Title Learning motivation in ELT classroom
260 ## - PUBLICATION, DISTRIBUTION, ETC. (IMPRINT)
Place of publication, distribution, etc Morang:
Date of publication, distribution, etc 2018
502 ## - DISSERTATION NOTE
Dissertation note Dissertation
Degree type Degree in Education (English)
Name of granting institution TU
650 ## - SUBJECT ADDED ENTRY--TOPICAL TERM
Topical term or geographic name as entry element English language
650 ## - SUBJECT ADDED ENTRY--TOPICAL TERM
Topical term or geographic name as entry element Classrooms
-- 17382
942 ## - ADDED ENTRY ELEMENTS (KOHA)
Source of classification or shelving scheme Dewey Decimal Classification
Koha item type Audio Visual Materials
Holdings
Withdrawn status Lost status Source of classification or shelving scheme Damaged status Not for loan Home library Current library Date acquired Total Checkouts Full call number Barcode Date last seen Price effective from Koha item type
    Dewey Decimal Classification     Tribhuvan University Central Library Tribhuvan University Central Library 02/20/2019   CD14466 A14411 02/20/2019 02/20/2019 Audio Visual Materials